| 000 | 01425nam a22002657a 4500 | ||
|---|---|---|---|
| 005 | 20090610110441.0 | ||
| 008 | 090609t xxu||||| |||| 00| 0 hin d | ||
| 010 | _aHIN-86891 | ||
| 020 |
_a9788190482905 _c250.00 |
||
| 035 | _aHN-59237 | ||
| 037 | _bDBAD / PUB | ||
| 040 |
_adpl _bhn |
||
| 082 | _a363.70071 | ||
| 100 | _aमिश्रा, महेन्द्र कुमार | ||
| 245 |
_aपर्यावरण अध्ययन / _cमहेन्द्र कुमार मिश्रा |
||
| 246 |
_aParyavaran Adhyayan _bby Mahender Kumar Mishra |
||
| 260 |
_aनयी दिल्ली _bअग्नि प्रकाशन _c2009 |
||
| 270 |
_aडब्ल्यू-112, ग्रेटर कैलाश-1, फर्स्ट फ्लोर _bनयी दिल्ली _e110048 |
||
| 300 |
_a200पृ. _c22सेमी (सजिल्द) |
||
| 650 |
_aपर्यावरण विज्ञान _xअध्ययन एवं अध्यापन _zभारत |
||
| 650 |
_aEnvironmental science _xStudy and teaching |
||
| 650 |
_aEnvironmental science _xStudy and teaching _zIndia |
||
| 942 |
_2ddc _cHN _mमिश्राम _h363.70071 |
||
| 999 |
_c27348 _d27348 |
||